Statistics for NFL Offensive Starters 2020

Click here to take the quiz!

General Stats

  • This quiz has been taken 541 times
  • The average score is 91 of 128

Answer Stats

HintAnswer% Correct
QBJosh Allen
91%
QBJoe Burrow
90%
WRKeenan Allen
90%
QBDrew Lock
89%
WRJulio Jones
89%
QBPatrick Mahomes II
89%
QBTom Brady
89%
RBAaron Jones
88%
QBDak Prescott
88%
QBDaniel Jones
88%
WRMarvin Jones Jr.
88%
RBRonald Jones II
88%
QBBaker Mayfield
87%
QBKyler Murray
87%
QBMatt Ryan
87%
QBCarson Wentz
86%
QBLamar Jackson
86%
WRMarquise Brown
86%
QBRussell Wilson
86%
WRTyreek Hill
86%
QBAaron Rodgers
85%
WRAJ Brown
85%
QBCam Newton
85%
QBDerek Carr
85%
WRDeSean Jackson
85%
WRJohn Brown
85%
QBMitchell Trubisky
85%
QBPhilip Rivers
85%
WRStefon Diggs
85%
QBDrew Brees
84%
RBJoe Mixon
84%
QBMatthew Stafford
84%
WRMike Evans
84%
RBNick Chubb
84%
WRDeAndre Hopkins
83%
QBJared Goff
83%
WROdell Beckham Jr.
83%
WRAllen Robinson II
82%
QBDeshaun Watson
82%
RBJames Robinson
82%
WRJarvis Landry
82%
QBKirk Cousins
82%
RBSaquon Barkley
82%
WRDavante Adams
81%
WRMichael Thomas
81%
QBSam Darnold
81%
QBTyrod Taylor
81%
WRAJ Green
80%
RBAlvin Kamara
80%
WRAmari Cooper
80%
RBDalvin Cook
80%
QBRyan Fitzpatrick
80%
QBRyan Tannehill
80%
WRDK Metcalf
79%
WRTrent Taylor
79%
QBBen Roethlisberger
78%
WRChris Godwin
78%
RBDavid Johnson
78%
RBDerrick Henry
78%
WRDiontae Johnson
78%
RBEzekiel Elliott
78%
RBKerryon Johnson
78%
RBJosh Jacobs
76%
WRMike Williams
76%
RBRaheem Mostert
76%
WRTY Hilton
76%
RBChris Carson
75%
WREmmanuel Sanders
75%
WRPreston Williams
75%
RBTodd Gurley II
75%
WRTyler Lockett
75%
RBChristian McCaffrey
74%
QBGardner Minshew
74%
QBTeddy Bridgewater
74%
RBDevin Singletary
73%
WRCalvin Ridley
72%
WRCooper Kupp
72%
WRJustin Jefferson
72%
RBClyde Edwards-Helaire
71%
WRDJ Moore
71%
WRJuju Smith-Schuster
71%
WRAdam Thielen
70%
QBJimmy Garoppolo
70%
WRSammy Watkins
70%
WRTyler Boyd
70%
RBDavid Montgomery
68%
RBAustin Ekeler
67%
QBDwayne Haskins
67%
WRDeVante Parker
66%
RBMark Ingram II
65%
WRRobby Anderson
65%
RBJames Conner
64%
WRLarry Fitzgerald
64%
WRRobert Woods
64%
RBLe'Veon Bell
63%
WRMichael Gallup
63%
WRJulian Edelman
62%
RBPhilip Lindsay
62%
RBKenyan Drake
61%
WRCorey Davis
60%
RBMarlon Mack
60%
WRTerry McLaurin
60%
WRDJ Chark
58%
WRJerry Jeudy
58%
WRBrandin Cooks
57%
WRSterling Shepard
57%
WRWill Fuller V
56%
RBCam Akers
55%
WRHenry Ruggs III
54%
WRAllen Lazard
52%
RBAntonio Gibson
52%
RBSony Michel
52%
WRJamison Crowder
49%
WRDarius Slayton
46%
WRHunter Renfrow
40%
WRN'Keal Harry
40%
WRAnthony Miller
39%
RBBoston Scott
37%
WRWillie Snead IV
37%
WRJalen Reagor
35%
RBJordan Howard
34%
WRKendrick Bourne
30%
WRLaviska Shenault
28%
WRParris Campbell
27%
WRTim Patrick
27%
WRSteven Sims
25%
WRBreshad Perriman
24%
WRDanny Amendola
23%

Score Distribution

Percentile by Number Answered

Percent of People with Each Score

Your Score History

You have not taken this quiz